Coat of Arms of Nations - Statistics

General Stats
  • This quiz has been taken 3 times
  • The average score is 71 of 197
Answer Stats
Picture Answer % Correct
Albania
67%
Andorra
67%
Angola
67%
Bahrain
67%
Bosnia and Herzegovina
67%
Botswana
67%
Brazil
67%
Burkina Faso
67%
Canada
67%
Cape Verde
67%
Czechia
67%
Kenya
67%
New Zealand
67%
Slovakia
67%
Tunisia
67%
Uganda
67%
U.K
67%
Ukraine
67%
Afghanistan
33%
Algeria
33%
Antigua and Barbuda
33%
Argentina
33%
Armenia
33%
Australia
33%
Austria
33%
Azerbaijan
33%
Bangladesh
33%
Barbados
33%
Belarus
33%
Belgium
33%
Belize
33%
Benin
33%
Bhutan
33%
Bolivia
33%
Brunei
33%
Bulgaria
33%
Burundi
33%
Cambodia
33%
Cameroon
33%
Central African Republic
33%
Chad
33%
Chile
33%
China
33%
Colombia
33%
Comoros
33%
Costa Rica
33%
Cote d'Ivoire
33%
Croatia
33%
Cuba
33%
Cyprus
33%
Democratic Republic of the Congo
33%
Denmark
33%
Djibouti
33%
Dominica
33%
Dominican Republic
33%
East Timor
33%
Ecuador
33%
Egypt
33%
El Salvador
33%
Equitorial Guinea
33%
Eritrea
33%
Estonia
33%
Eswatini
33%
Ethiopia
33%
Federated States of Micronesia
33%
Fiji
33%
Finland
33%
France
33%
Gabon
33%
Gambia
33%
Georgia
33%
Germany
33%
Ghana
33%
Greece
33%
Grenada
33%
Guatemala
33%
Guinea
33%
Guinea-Bissau
33%
Guyana
33%
Haiti
33%
Honduras
33%
Hungary
33%
Iceland
33%
India
33%
Indonesia
33%
Iran
33%
Iraq
33%
Ireland
33%
Israel
33%
Italy
33%
Jamaica
33%
Japan
33%
Jordan
33%
Kazakhstan
33%
Kiribati
33%
Kosovo
33%
Kuwait
33%
Kyrgyzstan
33%
Laos
33%
Latvia
33%
Lebanon
33%
Lesotho
33%
Liberia
33%
Libya
33%
Liechtenstein
33%
Lithuania
33%
Luxembourg
33%
Madagascar
33%
Malawi
33%
Malaysia
33%
Maldives
33%
Mali
33%
Malta
33%
Marshall Islands
33%
Mauritania
33%
Mauritius
33%
Moldova
33%
Monaco
33%
Mongolia
33%
Montenegro
33%
Morocco
33%
Mozambique
33%
Myanmar
33%
Namibia
33%
Nauru
33%
Nepal
33%
Nicaragua
33%
Niger
33%
Nigeria
33%
North Korea
33%
North Macedonia
33%
Norway
33%
Oman
33%
Pakistan
33%
Palau
33%
Palestine
33%
Panama
33%
Papua New Guinea
33%
Paraguay
33%
Peru
33%
Poland
33%
Portugal
33%
Qatar
33%
Republic of the Congo
33%
Romania
33%
Russia
33%
Rwanda
33%
Samoa
33%
San Marino
33%
Sao Tome and Principe
33%
Saudi Arabia
33%
Senegal
33%
Serbia
33%
Seychelles
33%
Sierra Leone
33%
Singapore
33%
Slovenia
33%
Solomon Islands
33%
Somalia
33%
South Africa
33%
South Korea
33%
South Sudan
33%
Spain
33%
Sri Lanka
33%
St. Kitts and Nevis
33%
St. Lucia
33%
St. Vincent and the Grenadines
33%
Sudan
33%
Suriname
33%
Sweden
33%
Switzerland
33%
Syria
33%
Taiwan
33%
Tajikistan
33%
Tanzania
33%
Thailand
33%
The Bahamas
33%
The Netherlands
33%
The Philippines
33%
Togo
33%
Tonga
33%
Trinidad and Tobago
33%
Turkey
33%
Turkmenistan
33%
Tuvalu
33%
U.A.E.
33%
Uruguay
33%
U.S.A
33%
Uzbekistan
33%
Vanuatu
33%
Vatican City
33%
Venezuela
33%
Vietnam
33%
Yemen
33%
Zambia
33%
Zimbabwe
33%
Mexcio
0%
No matching quizzes found
Score Distribution
Percent of People with Each Score
Percentile by Number Answered
Your Score History
You have not taken this quiz